00337nam a2200145Ia 4500008004100000041000800041082001700049100001400066245001900080250001200099260002700111300000800138365001600146700002900162230718s9999 xx 000 0 und d aeng a621.395bMAN aMano M.M. aDigital Design a2nd ed. bPrentice-Hall Of India a608 cRs.b375.00 aMano M.M. & Ciletti M.D.